Loading...
| Science - Biology | 0 | 4 | 1 | 0 | 35 | 91 | 103.00 | 0 | 1 |
| Fine Arts - Other Fine Arts | 0 | 2 | 0 | 0 | 20 | 98 | 114.00 | 0 | 0 |
| Fine Arts - Classical Music | 0 | 2 | 0 | 0 | 20 | 115 | 115.50 | 0 | 0 |
| Science - Physics | 0 | 2 | 1 | 1 | 15 | 127 | 129.50 | 0 | 0 |
| Science - Chemistry | 0 | 2 | 1 | 0 | 15 | 101 | 108.50 | 0 | 0 |
| Social Science | 0 | 1 | 0 | 1 | 10 | 130 | 130.00 | 0 | 0 |
| Literature - British Literature | 0 | 1 | 0 | 0 | 10 | 139 | 139.00 | 0 | 0 |
| Mythology | 0 | 1 | 0 | 0 | 10 | 123 | 123.00 | 0 | 0 |
| Religion | 0 | 1 | 0 | 0 | 10 | 131 | 131.00 | 0 | 1 |
| Science - Other Science | 0 | 1 | 0 | 0 | 10 | 86 | 86.00 | 0 | 0 |
| History - World History | 0 | 1 | 1 | 0 | 5 | 107 | 107.00 | 0 | 0 |
| History - Other History | 0 | 1 | 2 | 0 | 0 | 94 | 94.00 | 0 | 0 |
| Philosophy | 0 | 0 | 0 | 0 | 0 | 0.00 | 0 | 0 | |
| History - American History | 0 | 0 | 0 | 0 | 0 | 0.00 | 0 | 0 | |
| Fine Arts - Painting and Sculpture | 0 | 0 | 1 | 0 | -5 | 0.00 | 0 | 0 |